Haiti : son passe, son avenir ; Etudes économiques sur Haiti ; Haiti: La politique a suivre / (Record no. 33282)
[ view plain ]
| 000 -CABECERA | |
|---|---|
| campo de control de longitud fija | 00865nam a2200217 a 4500 |
| 001 - NÚMERO DE CONTROL | |
| campo de control | 000033791 |
| 003 - IDENTIFICADOR DEL NÚMERO DE CONTROL | |
| campo de control | DO-SdBNP |
| 005 - FECHA Y HORA DE LA ÚLTIMA TRANSACCIÓN | |
| campo de control | 20220901105011.0 |
| 008 - DATOS DE LONGITUD FIJA--INFORMACIÓN GENERAL | |
| campo de control de longitud fija | 110912m18911892dr 000 0 spa d |
| 040 ## - FUENTE DE LA CATALOGACIÓN | |
| Centro catalogador/agencia de origen | DO-SdBNP |
| Lengua de catalogación | spa |
| Centro/agencia transcriptor | BNPHU |
| 082 ## - NÚMERO DE LA CLASIFICACIÓN DECIMAL DEWEY | |
| Número de clasificación | xxxx |
| Número de documento/Ítem | G825h |
| 100 1# - ENTRADA PRINCIPAL--NOMBRE DE PERSONA | |
| Nombre de persona | Grellier, Roche |
| 9 (RLIN) | 59211 |
| 245 10 - MENCIÓN DE TÍTULO | |
| Título | Haiti : son passe, son avenir ; Etudes économiques sur Haiti ; Haiti: La politique a suivre / |
| Mención de responsabilidad, etc. | Roche Grellier. |
| 260 ## - PUBLICACIÓN, DISTRIBUCIÓN, ETC. | |
| Lugar de publicación, distribución, etc. | París : |
| Nombre del editor, distribuidor, etc. | Arthur Rousseau, |
| Fecha de publicación, distribución, etc. | 1891- |
| -- | 1892. |
| 300 ## - DESCRIPCIÓN FÍSICA | |
| Extensión | 152, 120, 93 p. ; |
| Dimensiones | 21 cm. |
| 501 ## - NOTA DE "CON" | |
| Nota de “Con” | Encuadernado con: Etudes économiques sur Haiti -- Haiti : La politique a suivre |
| 563 ## - NOTA DE ENCUADERNACIÓN | |
| Nota de encuadernación | Tres obras encuadernadas juntas con paginación independiente |
| 700 1# - PUNTO DE ACCESO ADICIONAL--NOMBRE DE PERSONA | |
| Nombre de persona | Grellier, Roche |
| Título de la obra | Etudes économiques sur Haiti |
| Fecha de publicación/de la obra | 1891 |
| 9 (RLIN) | 59212 |
| 700 1# - PUNTO DE ACCESO ADICIONAL--NOMBRE DE PERSONA | |
| Nombre de persona | Grellier, Roche, |
| Título de la obra | Haiti : La politique a suivre |
| Fecha de publicación/de la obra | 1892 |
| 9 (RLIN) | 59213 |
| 942 ## - ELEMENTOS DE PUNTO DE ACCESO ADICIONAL (KOHA) | |
| Fuente del sistema de clasificación o colocación | Dewey Decimal Classification |
| Tipo de ítem Koha | Libro |
| Estado de retiro | Estado de pérdida | Restricciones de uso | No para préstamo | Código de colección | Localización permanente | Ubicación/localización actual | Ubicación en estantería | Fecha de adquisición | Número de inventario | Total de préstamos | Signatura topográfica completa | Código de barras | Fecha visto por última vez | Precio válido a partir de | Tipo de ítem Koha | Nota pública |
|---|---|---|---|---|---|---|---|---|---|---|---|---|---|---|---|---|
| Excluido de préstamo | Raros y valiosos | General | General | En catalogación | 12.09.2011 | LF1 | xxxx G825h | 33791-10 | 25.06.2020 | 25.06.2020 | No se presta | Perteneció a la biblioteca personal de Julio Ortega Frier | ||||
| Patrimonio Dominicano | Patrimonio Dominicano | Patrimonio Dominicano | Orden iniciada | 12.09.2011 | LF1 | xxxx G825h | 33792-10 | 25.06.2020 | 25.06.2020 | Libro y Folleto Colección Patrimonio Dominicano |
